| 000 | 01407nam a2200373Ia 4500 | ||
|---|---|---|---|
| 001 | 9598 | ||
| 003 | CO-BoRNBP | ||
| 005 | 20251027142640.0 | ||
| 007 | ta | ||
| 008 | 200115s9999 xx 000 0 und d | ||
| 020 | _a9789871768523 | ||
| 040 |
_aCO-BoRNBP _bspa _erda _cCO-BoRNBP |
||
| 041 | _aspa | ||
| 084 | _aC CRA3 | ||
| 100 | 1 |
_aCraig, Santiago, 1978 _92226 |
|
| 245 | 0 |
_aLas tormentas / _c Santiago Craig |
|
| 250 | _aSegunda edición | ||
| 264 | 1 |
_aBuenos Aires : _b Entropía _c2019 |
|
| 300 |
_a191 páginas ; _c 21 cm. |
||
| 336 |
_atexto _btxt _2rdacontent |
||
| 337 |
_asin mediación _bn _2rdamedia |
||
| 338 |
_avolumen _bnc _2rdacarrier |
||
| 490 | 0 | _aCuentos | |
| 500 | _aRecomendado para público adulto \ Incluye datos biográficos del autor en la solapa \ Obra reconocida con una mención especial en el Premio Iberoamericano Cortes de Cádiz y participante del Premio Hispanoamericano de Cuento Gabriel García Márquez | ||
| 650 | 1 | 7 |
_a depresion cuentos _2LEMB _92227 |
| 650 | 1 | 7 |
_aAutores argentinos siglo xx _2LEMB _92228 |
| 650 | 1 | 7 |
_aConflicto entre generaciones cuentos _2LEMB _92229 |
| 650 | 1 | 7 |
_aConvivencia cuentos _2LEMB _92230 |
| 650 | 1 | 7 |
_aCuentos argentinos siglo xx _2LEMB _92231 |
| 650 | 1 | 7 |
_aLiteratura argentina siglo xx _2LEMB _92232 |
| 650 | 1 | 7 |
_aNostalgia cuentos _2LEMB _92233 |
| 650 | 1 | 7 |
_aRelaciones de pareja cuentos _2LEMB _92234 |
| 942 |
_2ddc _cBKLIT |
||
| 999 |
_c9598 _d9598 |
||